Kúpa a predaj bytov
Pokračovanie vo výklade zákona Národnej rady SR o vlastníctve bytov a nebytových priestorov. Výklad paragrafov 25-35.
Na minha lista:
| Autor principal: | |
|---|---|
| Formato: | Capítulo de Livro |
| Idioma: | eslovaco |
| Assuntos: | |
| Tags: |
Sem tags, seja o primeiro a adicionar uma tag!
|
MARC
| LEADER | 00000naa a2200000 4500 | ||
|---|---|---|---|
| 001 | r015804 | ||
| 005 | 20221205080827.2 | ||
| 041 | 0 | |a slo | |
| 044 | |a SK | ||
| 245 | 1 | 0 | |a Kúpa a predaj bytov |c J. Zányiová |
| 520 | |a Pokračovanie vo výklade zákona Národnej rady SR o vlastníctve bytov a nebytových priestorov. Výklad paragrafov 25-35. | ||
| 610 | 2 | 0 | |a zákony |
| 610 | 2 | 0 | |a vlastníctvo |
| 610 | 2 | 0 | |a byty |
| 610 | 2 | 0 | |a priestory nebytové |
| 610 | 2 | 0 | |a NR SR Bratislava |
| 100 | 1 | |a Zányiová, J. | |